[Event "Aktiv-Alliancen 2000"]
[Site "Taastrup"]
[Date "2000.02.11"]
[Round "7"]
[White "Engel, Christian"]
[Black "Traerup, Jorgen"]
[Result "1-0"]
[WhiteElo "1445"]
[BlackElo "1189"]
[PlyCount "79"]
[EventDate "2000.??.??"]


1. e4 c5 2. d4 cxd4 3. c3 Nc6 4. cxd4 e6 5. Nc3 Bb4 6. Nf3 h6 7. Bd2 Nf6 8. Bd3
Ne7 9. Nb5 Bxd2+ 10. Qxd2 d6 11. Qb4 O-O 12. Qxd6 Nc6 13. Qc5 Qa5+ 14. Qc3 Qb6
15. Na3 Rd8 16. Nc4 Qb4 17. a3 Qe7 18. Rd1 Bd7 19. O-O Rac8 20. Qb3 Be8 21. Bb1
b5 22. Ne3 Na5 23. Qb4 Qxb4 24. axb4 Nc4 25. b3 Nxe3 26. fxe3 Ng4 27. Rd3 Bc6
28. Nd2 Bb7 29. e5 h5 30. h3 Nh6 31. e4 Rd7 32. Re1 Rdc7 33. Nf3 Bxe4 34. Rxe4
Rc1+ 35. Re1 Rxe1+ 36. Nxe1 Rc1 37. Bc2 Rxe1+ 38. Kf2 Ra1 39. Rc3 Ra2 40. Rc8#
1-0

[Event "Aktiv-Alliancen 2000"]
[Site "Taastrup"]
[Date "2000.02.11"]
[Round "7"]
[White "Madsen, Ole Bang"]
[Black "Jorgensen, Morten"]
[Result "1-0"]
[WhiteElo "1404"]
[BlackElo "1117"]
[PlyCount "111"]
[EventDate "2000.??.??"]


1. e4 c5 2. Nf3 e6 3. d4 cxd4 4. Nxd4 Nf6 5. Nc3 a6 6. e5 Nd5 7. Nxd5 Qa5+ 8.
Nc3 Qxe5+ 9. Be3 Nc6 10. Nxc6 dxc6 11. Be2 Bb4 12. Qd4 Bxc3+ 13. bxc3 Qxd4 14.
cxd4 O-O 15. O-O b5 16. Rab1 Bd7 17. Rb2 Ra7 18. Rfb1 Rb7 19. a4 Rc8 20. a5 f6
21. c4 Kf7 22. c5 Ke7 23. Bf4 Be8 24. Bd6+ Kf7 25. Rb3 Kg8 26. Re1 Bg6 27. Bc4
Kh8 28. Rxe6 Bf7 29. d5 Bxe6 30. dxe6 Re8 31. e7 Rexe7 32. Bxe7 Rxe7 33. Bf1
Re5 34. Rc3 Re1 35. Re3 Rxe3 36. fxe3 Kg8 37. Bd3 Kf7 38. Be4 Ke7 39. Bxc6 Ke6
40. Bb7 b4 41. Bxa6 Kd5 42. Bd3 Kxc5 43. Bxh7 Kb5 44. Bg8 Kxa5 45. Bb3 Kb5 46.
Kf2 Kc5 47. Kf3 Kd6 48. g4 Ke5 49. h4 f5 50. g5 g6 51. Bc4 Kd6 52. Kf4 Kc5 53.
Bb3 Kd6 54. e4 fxe4 55. Kxe4 Ke7 56. Ke5 1-0

[Event "Aktiv-Alliancen 2000"]
[Site "Taastrup"]
[Date "2000.02.11"]
[Round "7"]
[White "Lauritsen, Martin Lee"]
[Black "Hau, Helge"]
[Result "0-1"]
[WhiteElo "1100"]
[BlackElo "1463"]
[PlyCount "64"]
[EventDate "2000.??.??"]


1. e4 e6 2. d4 d5 3. e5 c5 4. c3 Nc6 5. Nf3 cxd4 6. cxd4 Be7 7. Bb5 a6 8. Be2
Bd7 9. Qb3 Na5 10. Qd1 b5 11. O-O Nh6 12. Bxh6 gxh6 13. Qd2 Bg5 14. Nxg5 hxg5
15. f4 Rg8 16. fxg5 Qxg5 17. Qxg5 Rxg5 18. Bf3 Nc4 19. h4 Rg7 20. b3 Ne3 21.
Rc1 Rc8 22. Rxc8+ Bxc8 23. Nd2 Nf5 24. Rc1 Kd7 25. h5 Nxd4 26. Rd1 h6 27. Kf2
Ke7 28. Rc1 Kd7 29. Rd1 Nc6 30. Re1 Rg5 31. a4 Nxe5 32. Rc1 Nd3+ 0-1

[Event "Aktiv-Alliancen 2000"]
[Site "Taastrup"]
[Date "2000.02.11"]
[Round "7"]
[White "Jacobsen, Jesper Howalt"]
[Black "Pedersen, Andre"]
[Result "0-1"]
[WhiteElo "1000"]
[BlackElo "1150"]
[PlyCount "50"]
[EventDate "2000.??.??"]


1. d4 d5 2. Nf3 Nf6 3. e3 e6 4. c4 Bd6 5. c5 Be7 6. Be2 O-O 7. O-O c6 8. b4
Nbd7 9. Nc3 Qc7 10. Qc2 e5 11. dxe5 Nxe5 12. Nxe5 Qxe5 13. Bb2 Qg5 14. Rfd1 Bf5
15. Bd3 Bxd3 16. Qxd3 Qh4 17. a3 Ng4 18. Qf5 Qxh2+ 19. Kf1 Qh4 20. g3 Qg5 21.
Qxg5 Bxg5 22. Rd4 Ne5 23. Kg2 Bf6 24. Rd2 Nc4 25. Re2 Nxb2 0-1

[Event "Aktiv-Alliancen 2000"]
[Site "Taastrup"]
[Date "2000.02.11"]
[Round "7"]
[White "Dalso, Svend"]
[Black "Radovic, Slobodan"]
[Result "0-1"]
[WhiteElo "1406"]
[BlackElo "1483"]
[PlyCount "28"]
[EventDate "2000.??.??"]


1. b3 e5 2. Bb2 Nc6 3. e3 d5 4. Bb5 Bd6 5. Nf3 Qe7 6. Bxc6+ bxc6 7. Nc3 Nf6 8.
O-O O-O 9. d3 e4 10. Nd4 Bxh2+ 11. Kxh2 Ng4+ 12. Kg3 Qe5+ 13. f4 exf3+ 14. Kh4
Qh2+ 0-1

[Event "Aktiv-Alliancen 2000"]
[Site "Taastrup"]
[Date "2000.02.11"]
[Round "8"]
[White "Christensen, Bo Garner"]
[Black "Bjorntoft, Peter"]
[Result "1-0"]
[WhiteElo "2204"]
[BlackElo "2227"]
[PlyCount "69"]
[EventDate "2000.??.??"]


1. c4 e6 2. e4 c5 3. Nc3 b6 4. Nf3 Bb7 5. d4 cxd4 6. Nxd4 a6 7. Bd3 d6 8. O-O
Nf6 9. f4 Be7 10. Be3 Nbd7 11. b4 O-O 12. g4 e5 13. Nf5 b5 14. g5 bxc4 15. gxf6
Bxf6 16. Bxc4 exf4 17. Bd4 Rc8 18. Bd5 Rxc3 19. Bxb7 Rc4 20. Bxf6 Nxf6 21. Qxd6
Qxd6 22. Nxd6 Rxb4 23. Rab1 Ra4 24. Rxf4 Rd8 25. Bc6 Rd4 26. Nf5 Rc4 27. Rb7
Kf8 28. Rc7 Ne8 29. Rxf7+ Kxf7 30. Nd6+ Ke7 31. Nxc4 Rc8 32. Bxe8 Rxc4 33. Bh5
g6 34. Bd1 Kd6 35. e5+ 1-0

[Event "Aktiv-Alliancen 2000"]
[Site "Taastrup"]
[Date "2000.02.11"]
[Round "8"]
[White "Nolsoe, Eydun"]
[Black "Petersen, Steen Brustrup"]
[Result "1-0"]
[WhiteElo "2184"]
[BlackElo "2174"]
[PlyCount "119"]
[EventDate "2000.??.??"]


1. e4 e5 2. Nf3 Nf6 3. Nc3 Nc6 4. d4 exd4 5. Nxd4 Bb4 6. Nxc6 bxc6 7. Bd3 d5 8.
exd5 cxd5 9. O-O O-O 10. Bg5 c6 11. Ne2 h6 12. Bh4 Bd6 13. h3 Rb8 14. Rb1 Rb4
15. Bg3 Ne4 16. Bxd6 Nxd6 17. c3 Rb7 18. Ng3 Re8 19. Re1 Rxe1+ 20. Qxe1 Qg5 21.
Qe3 Qxe3 22. fxe3 Re7 23. Kf2 f5 24. b4 Bd7 25. Ne2 Kf7 26. Nd4 Kf6 27. Rb3 Nf7
28. Ra3 Ne5 29. Be2 Bc8 30. Ra5 g5 31. Rc5 Bb7 32. Ra5 Bc8 33. b5 c5 34. Nc6
Nxc6 35. bxc6 Ke5 36. Rxc5 Kd6 37. Ra5 g4 38. Bb5 gxh3 39. gxh3 f4 40. exf4
Bxh3 41. Ba4 Bf5 42. c4 Be4 43. c5+ Ke6 44. Rb5 d4 45. Rb4 Kd5 46. Rb7 Ke6 47.
Rxe7+ Kxe7 48. c7 Bb7 49. Bc6 Bc8 50. Kf3 h5 51. Ke4 h4 52. Kxd4 h3 53. Ke5 h2
54. f5 Kf7 55. Bd5+ Ke8 56. f6 Kd7 57. f7 Ke7 58. Kf4 Be6 59. Bxe6 h1=Q 60.
f8=Q+ 1-0

[Event "Aktiv-Alliancen 2000"]
[Site "Taastrup"]
[Date "2000.02.11"]
[Round "8"]
[White "Jensen, Soren G"]
[Black "Nohr, Finn"]
[Result "1-0"]
[WhiteElo "2161"]
[BlackElo "2116"]
[PlyCount "91"]
[EventDate "2000.??.??"]


1. d4 Nf6 2. Nf3 g6 3. c4 c5 4. g3 Bg7 5. Bg2 O-O 6. O-O cxd4 7. Nxd4 Nc6 8.
Nxc6 dxc6 9. Qxd8 Rxd8 10. Nd2 Be6 11. Rb1 a5 12. b3 a4 13. Ne4 axb3 14. axb3
Nxe4 15. Bxe4 Ra2 16. Bd3 Bg4 17. Re1 Bc3 18. Rd1 Rd6 19. f3 Bf5 20. Be3 Bxd3
21. Rxd3 Bb4 22. Rxd6 exd6 23. Kf2 f5 24. Bd4 Kf7 25. Ra1 Rxa1 26. Bxa1 Bc5+
27. e3 Ke6 28. Ke2 d5 29. Kd3 Bd6 30. Bc3 h5 31. f4 Be7 32. Be1 Bf6 33. Bb4 Bb2
34. Bf8 Bf6 35. Bc5 h4 36. Bd4 Be7 37. c5 h3 38. b4 Bf8 39. Ke2 Be7 40. Kf3 Bf6
41. Bxf6 Kxf6 42. g4 Ke6 43. g5 Kd7 44. Kg3 d4 45. exd4 Ke6 46. Kxh3 1-0

[Event "Aktiv-Alliancen 2000"]
[Site "Taastrup"]
[Date "2000.02.11"]
[Round "8"]
[White "Simonsen, Per Barndorff"]
[Black "Danielsen, Heini"]
[Result "0-1"]
[WhiteElo "1901"]
[BlackElo "2135"]
[PlyCount "50"]
[EventDate "2000.??.??"]


1. d4 Nf6 2. c4 e5 3. dxe5 Ng4 4. Nf3 Bc5 5. e3 Nc6 6. h3 Ngxe5 7. a3 a5 8. Nc3
O-O 9. b3 Re8 10. Be2 Nxf3+ 11. gxf3 d6 12. Nd5 Ne5 13. Bb2 c6 14. Nf4 Qh4 15.
Bd4 Nxf3+ 16. Bxf3 Qxf4 17. Be2 Qe4 18. Rg1 Bxd4 19. exd4 Bxh3 20. Rg3 Bg4 21.
Re3 Qh1+ 22. Kd2 Qxd1+ 23. Rxd1 Rxe3 24. fxe3 Bxe2 25. Kxe2 f5 0-1

[Event "Aktiv-Alliancen 2000"]
[Site "Taastrup"]
[Date "2000.02.11"]
[Round "8"]
[White "Pallesen, Jacob"]
[Black "Kaaber Hansen, Jacob"]
[Result "0-1"]
[WhiteElo "2075"]
[BlackElo "1703"]
[PlyCount "124"]
[EventDate "2000.??.??"]


1. d4 Nf6 2. c4 e6 3. Nc3 Bb4 4. e3 c5 5. a3 Bxc3+ 6. bxc3 O-O 7. Nf3 Nc6 8.
Bd3 cxd4 9. cxd4 d5 10. O-O b6 11. Bd2 dxc4 12. Bxc4 Bb7 13. Qb3 Ne7 14. Ne5
Bd5 15. Rfc1 Rc8 16. Bb4 Qc7 17. Qb2 Qb7 18. f3 Bxc4 19. Nxc4 Nfd5 20. Bd2 Rfd8
21. Kf2 f6 22. e4 Nc7 23. Bf4 Ne8 24. Rc2 Rc6 25. Rac1 Qd7 26. Be3 Rdc8 27. Nd2
Rxc2 28. Rxc2 Rxc2 29. Qxc2 Qd6 30. Qa4 Nc6 31. g3 Nc7 32. Nc4 Qd7 33. Qd1 b5
34. Nb2 a6 35. Qd3 Kf7 36. Qc3 a5 37. Nd3 Na6 38. Nc5 Nxc5 39. Qxc5 Qb7 40. d5
Ne7 41. Qb6 Qxb6 42. Bxb6 exd5 43. exd5 b4 44. axb4 axb4 45. d6 b3 46. Bd4 Nc6
47. Bb2 Ke6 48. Ke3 Kxd6 49. Kd2 Ne5 50. Kc3 Nxf3 51. h4 Ke5 52. Kxb3+ Kf5 53.
Ba3 Kg4 54. Bf8 g6 55. Be7 Kxg3 56. Bxf6 Nxh4 57. Kc2 Nf3 58. Kd3 h5 59. Bd8 h4
60. Bc7+ Kg2 61. Ke3 g5 62. Ke4 g4 0-1

[Event "Aktiv-Alliancen 2000"]
[Site "Taastrup"]
[Date "2000.02.11"]
[Round "8"]
[White "Foslund, Peter"]
[Black "Nielsen, Borge Hjerrild"]
[Result "0-1"]
[WhiteElo "1576"]
[BlackElo "2135"]
[PlyCount "114"]
[EventDate "2000.??.??"]


1. c4 e6 2. d4 d5 3. e3 Nf6 4. Nc3 Be7 5. Bd2 O-O 6. Nf3 b6 7. cxd5 exd5 8. Bd3
Bb7 9. b3 Nbd7 10. Qc2 c5 11. O-O g6 12. Qb2 Rc8 13. Rac1 Qc7 14. g3 Qb8 15.
Be2 Rfd8 16. Rfe1 Bf8 17. Bf1 Ne4 18. Ne2 Bg7 19. Bh3 f5 20. Nf4 Re8 21. Ne2
Qd6 22. Bc3 Qe7 23. Nd2 Nxc3 24. Rxc3 Ba6 25. Nf3 Nf6 26. Bf1 Ne4 27. Rcc1 Bb7
28. Nd2 g5 29. Nxe4 fxe4 30. Qd2 Qe6 31. Kg2 Qf5 32. Ng1 cxd4 33. exd4 Qf6 34.
Rxc8 Rxc8 35. Rd1 h6 36. f4 gxf4 37. gxf4 Rf8 38. Ne2 h5 39. Rc1 Rf7 40. Kh1
Bh6 41. Bh3 Ba6 42. Rg1+ Kh8 43. Nc3 Qxf4 44. Qxf4 Bxf4 45. Nxd5 Bd2 46. Be6
Rg7 47. Rg2 e3 48. Nf4 Rxg2 49. Nxg2 e2 50. d5 Kg7 51. h3 Kf6 52. Kg1 e1=Q+ 53.
Nxe1 Bxe1 54. a4 h4 55. Kg2 Bg3 56. Kf3 Ke5 57. Ke3 Bb7 0-1

[Event "Aktiv-Alliancen 2000"]
[Site "Taastrup"]
[Date "2000.02.11"]
[Round "8"]
[White "Moller, Arne Vagn"]
[Black "Jorgensen, Brian"]
[Result "0-1"]
[WhiteElo "1805"]
[BlackElo "2198"]
[PlyCount "72"]
[EventDate "2000.??.??"]


1. e4 e5 2. Nf3 Nc6 3. Nc3 Nf6 4. Bb5 Bc5 5. O-O O-O 6. d3 Re8 7. Bg5 h6 8. Bh4
Nd4 9. Bc4 c6 10. h3 b5 11. Nxd4 exd4 12. Nxb5 cxb5 13. Bxb5 Be7 14. f4 Qa5 15.
Bxf6 Qxb5 16. Bxd4 Bc5 17. Bxc5 Qxc5+ 18. Kh2 d5 19. Qh5 Qxc2 20. Rac1 Qxd3 21.
exd5 Bf5 22. Rfd1 Qe4 23. Qh4 Rac8 24. d6 Rxc1 25. Rxc1 g5 26. Qf2 Qxf4+ 27.
Qxf4 gxf4 28. Rc7 Rd8 29. Rxa7 Rxd6 30. Ra4 Rd2 31. Rxf4 Be6 32. Rb4 Bxa2 33.
Rg4+ Kh7 34. b4 Be6 35. Rf4 Bd5 36. Rg4 f5 0-1

[Event "Aktiv-Alliancen 2000"]
[Site "Taastrup"]
[Date "2000.02.11"]
[Round "8"]
[White "Dalso, Harry"]
[Black "Auchenberg, Per"]
[Result "1-0"]
[WhiteElo "1718"]
[BlackElo "2017"]
[PlyCount "75"]
[EventDate "2000.??.??"]


1. e4 c5 2. Nc3 Nc6 3. g3 g6 4. Bg2 Bg7 5. d3 d6 6. f4 e6 7. Nf3 Nge7 8. O-O
O-O 9. Bd2 Rb8 10. Rb1 b5 11. a3 a5 12. a4 b4 13. Nb5 d5 14. c4 bxc3 15. bxc3
c4 16. exd5 exd5 17. d4 Bf5 18. Rb2 Qd7 19. Ne5 Nxe5 20. fxe5 f6 21. exf6 Rxf6
22. Bf4 Bg4 23. Qd2 Rbf8 24. Rbb1 Nc6 25. Rbe1 Bf5 26. Re3 Bd3 27. Rfe1 Rxf4
28. gxf4 Bh6 29. Rf3 Be4 30. Rf2 Bxg2 31. Rxg2 Bxf4 32. Qe2 Nd8 33. Rf2 Qh3 34.
Qf1 Qg4+ 35. Qg2 Qf5 36. Nd6 Qd7 37. Qxd5+ Kh8 38. Rxf4 1-0

[Event "Aktiv-Alliancen 2000"]
[Site "Taastrup"]
[Date "2000.02.11"]
[Round "8"]
[White "Tolstrup, Thomas"]
[Black "Thogersen, Kim"]
[Result "0-1"]
[WhiteElo "1882"]
[BlackElo "1636"]
[PlyCount "84"]
[EventDate "2000.??.??"]


1. d4 Nf6 2. c4 g6 3. Nf3 Bg7 4. g3 d6 5. Bg2 O-O 6. Nc3 c5 7. O-O e6 8. e4 Nc6
9. dxc5 dxc5 10. Be3 Qa5 11. Qa4 Qxa4 12. Nxa4 Nxe4 13. Nxc5 Nd6 14. Nd2 Bxb2
15. Rab1 Bg7 16. Nce4 Nf5 17. Bc5 Rd8 18. Rfd1 b6 19. Nd6 Nxd6 20. Bxc6 Bb7 21.
Bxb7 Nxb7 22. Be3 Rac8 23. Ne4 Rxc4 24. Rxd8+ Nxd8 25. Rd1 Nc6 26. Nd6 Rc2 27.
Nb5 Rxa2 28. Rd6 Rc2 29. Nxa7 Nxa7 30. Rd8+ Bf8 31. Bxb6 Rc8 32. Rxf8+ Kxf8 33.
Bxa7 e5 34. Be3 f5 35. Bh6+ Kf7 36. h4 Ke6 37. Kg2 Kd5 38. Bg5 Ke4 39. Bh6 Rc2
40. Be3 f4 41. gxf4 exf4 42. Bb6 Kf5 0-1

[Event "Aktiv-Alliancen 2000"]
[Site "Taastrup"]
[Date "2000.02.11"]
[Round "8"]
[White "Andersen, Nick Brix"]
[Black "Christiansen, Erling Molbaek"]
[Result "0-1"]
[WhiteElo "1450"]
[BlackElo "1805"]
[PlyCount "132"]
[EventDate "2000.??.??"]


1. d4 f5 2. c4 Nf6 3. Nc3 e6 4. Bd2 b6 5. e3 Bb7 6. Nf3 Bb4 7. Be2 O-O 8. O-O
Qe7 9. Ne5 d6 10. Nd3 Bxc3 11. Bxc3 Nbd7 12. Re1 e5 13. Qb3 Kh8 14. Rad1 a5 15.
Qc2 Rae8 16. b4 axb4 17. Nxb4 Ng4 18. h3 Nh6 19. d5 Qh4 20. Bf1 f4 21. exf4
Qxf4 22. Re4 Qg5 23. Bd2 Qf6 24. Bxh6 Qxh6 25. g3 g5 26. Bg2 Nf6 27. Re2 Bc8
28. g4 Qg7 29. Qc3 h5 30. f3 Ng8 31. Rde1 Ne7 32. Nd3 Ng6 33. Qd2 Nh4 34. Rf2
hxg4 35. fxg4 Rxf2 36. Nxf2 Rf8 37. Re3 Ba6 38. Qe2 Qf6 39. Ne4 Qf4 40. Rc3 Kg7
41. Qe3 Nxg2 42. Kxg2 Qxe3 43. Rxe3 Bxc4 44. Nc3 b5 45. Re4 Bf1+ 46. Kg3 Ra8
47. Rb4 Bc4 48. Nxb5 Bxd5 49. Nxc7 Ra3+ 50. Kf2 Rxa2+ 51. Kg1 Bf7 52. Nb5 Rd2
53. Re4 Kf6 54. Nc7 d5 55. Ra4 e4 56. Kf1 Ke5 57. Ra6 Rh2 58. Ra3 Kd6 59. Nb5+
Kc5 60. Na7 Kb4 61. Rg3 d4 62. Nc6+ Kc5 63. Nd8 Bc4+ 64. Ke1 e3 65. Rg1 Rb2 66.
Nb7+ Rxb7 0-1

[Event "Aktiv-Alliancen 2000"]
[Site "Taastrup"]
[Date "2000.02.11"]
[Round "8"]
[White "Foslund, Kasper"]
[Black "Orio, Lars"]
[Result "0-1"]
[WhiteElo "1178"]
[BlackElo "1784"]
[PlyCount "76"]
[EventDate "2000.??.??"]


1. e4 c6 2. d4 d5 3. exd5 cxd5 4. Nf3 Nf6 5. Nc3 g6 6. Bd3 Bg7 7. O-O O-O 8. b3
Nc6 9. h3 a6 10. Bb2 Qc7 11. Ne2 b5 12. a4 Nb4 13. axb5 Nxd3 14. Qxd3 Bf5 15.
Qd2 axb5 16. c3 Rfc8 17. Rxa8 Rxa8 18. Ra1 Rxa1+ 19. Bxa1 Qa5 20. Qc1 Bd3 21.
Nf4 Bh6 22. g3 Bxf4 23. gxf4 Nh5 24. Ne1 Bf5 25. h4 Qa2 26. Qb2 Qxb2 27. Bxb2
Nxf4 28. f3 Bb1 29. Kf2 f6 30. Kg3 g5 31. hxg5 fxg5 32. Kg4 h6 33. Bc1 Ne2 34.
Bd2 Ba2 35. b4 Kg7 36. Nd3 Bb1 37. Nc5 Kg6 38. Na6 Bf5# 0-1

[Event "Aktiv-Alliancen 2000"]
[Site "Taastrup"]
[Date "2000.02.11"]
[Round "8"]
[White "Hansen, Rasmus Agertoft"]
[Black "Nielsen, Michael"]
[Result "0-1"]
[WhiteElo "1936"]
[BlackElo "1719"]
[PlyCount "84"]
[EventDate "2000.??.??"]


1. e4 c5 2. Nf3 d6 3. d4 cxd4 4. Nxd4 Nf6 5. Nc3 g6 6. Be3 Bg7 7. f3 O-O 8. Qd2
Nc6 9. Bc4 Bd7 10. O-O-O Rc8 11. Bb3 Qa5 12. Kb1 Nxd4 13. Bxd4 Rfe8 14. h4 Be6
15. Bxe6 fxe6 16. h5 Rc4 17. hxg6 hxg6 18. Qd3 Rxd4 19. Qxd4 Nd5 20. Qc4 Nxc3+
21. bxc3 Bxc3 22. Qxe6+ Kg7 23. Rh7+ Kxh7 24. Qf7+ Kh6 25. Rh1+ Kg5 26. f4+ Kg4
27. Qxg6+ Kxf4 28. Rh4+ Ke3 29. Qg3+ Kd4 30. e5+ Kc5 31. Qe3+ Kb5 32. exd6 Qa3
33. Qd3+ Kb6 34. Qe3+ Ka6 35. Qd3+ b5 36. Ra4+ Qxa4 37. Qxc3 Qc4 38. d7 Rf8 39.
Qa3+ Kb7 40. Qxe7 Rf1+ 41. Kb2 Qd4+ 42. c3 Rf2+ 0-1

[Event "Aktiv-Alliancen 2000"]
[Site "Taastrup"]
[Date "2000.02.11"]
[Round "8"]
[White "Pedersen, Bent O"]
[Black "Schmidt, Horst Hubert"]
[Result "1-0"]
[WhiteElo "1751"]
[BlackElo "1718"]
[PlyCount "63"]
[EventDate "2000.??.??"]


1. e4 d6 2. d4 g6 3. f4 Bg7 4. Nf3 Nf6 5. Bd3 O-O 6. Nc3 Nc6 7. Be3 Ng4 8. Bg1
e5 9. d5 Nd4 10. h3 Nxf3+ 11. Qxf3 Qh4+ 12. g3 Qh6 13. hxg4 Bxg4 14. Rxh6 Bxf3
15. Rh2 exf4 16. gxf4 Rfe8 17. Kd2 g5 18. fxg5 Be5 19. Rh4 Bg3 20. Rh3 Bf4+ 21.
Be3 Bg2 22. Rh6 Be5 23. Rg1 Bxc3+ 24. bxc3 Bxe4 25. Bxe4 Rxe4 26. Rgh1 Rae8 27.
Bd4 Rg4 28. Rxh7 Rg2+ 29. Kd3 Rg3+ 30. Kc4 f5 31. Rg7+ Kf8 32. Rh8# 1-0

[Event "Aktiv-Alliancen 2000"]
[Site "Taastrup"]
[Date "2000.02.11"]
[Round "8"]
[White "Madhy, Nezar"]
[Black "Christoffersen, Eskild"]
[Result "1/2-1/2"]
[WhiteElo "1666"]
[BlackElo "1508"]
[PlyCount "47"]
[EventDate "2000.??.??"]


1. d4 d5 2. c4 e6 3. g3 Nf6 4. Bg2 Be7 5. Nf3 O-O 6. O-O b6 7. cxd5 Nxd5 8. e4
Nf6 9. Nc3 Bb7 10. Ne5 Nbd7 11. Bf4 Rc8 12. d5 Nxe5 13. Bxe5 exd5 14. exd5 Bb4
15. Qd4 Bxc3 16. bxc3 c5 17. dxc6 Qxd4 18. cxd4 Bxc6 19. Bxf6 Bxg2 20. Bxg7
Kxg7 21. Kxg2 Rfd8 22. Rfd1 Rc4 23. d5 Rc5 24. d6 1/2-1/2

[Event "Aktiv-Alliancen 2000"]
[Site "Taastrup"]
[Date "2000.02.11"]
[Round "8"]
[White "Korolev, Nikolaj"]
[Black "Jensen, Dan Bronnum"]
[Result "1-0"]
[WhiteElo "1600"]
[BlackElo "1487"]
[PlyCount "79"]
[EventDate "2000.??.??"]


1. e4 c5 2. Nf3 Nc6 3. d4 cxd4 4. Nxd4 Nf6 5. Nc3 e6 6. Be3 Bb4 7. Bd3 d5 8.
O-O O-O 9. exd5 exd5 10. Nf3 Bg4 11. Bg5 Be7 12. Re1 a6 13. h3 Bh5 14. Be2 d4
15. Bxf6 Bxf6 16. Nxd4 Bxd4 17. Bxh5 Qh4 18. Rf1 Rad8 19. Qg4 Qe7 20. Qe2 Qb4
21. Nd1 Qc5 22. c3 Bf6 23. Ne3 Rde8 24. Rad1 Re5 25. Bf3 Bg5 26. Rd5 Qe7 27.
Rxe5 Qxe5 28. Nd5 Qb8 29. Re1 Qd8 30. Qe4 Kh8 31. Bd1 f5 32. Qe6 Bd2 33. Re2
Bg5 34. Bc2 f4 35. Ba4 Nb8 36. c4 Qa5 37. Qf7 Qc5 38. Re8 h6 39. Rxf8+ Kh7 40.
Bc2# 1-0

[Event "Aktiv-Alliancen 2000"]
[Site "Taastrup"]
[Date "2000.02.11"]
[Round "8"]
[White "Theander, Stig"]
[Black "Madsen, Ole Bang"]
[Result "1/2-1/2"]
[WhiteElo "1546"]
[BlackElo "1404"]
[PlyCount "68"]
[EventDate "2000.??.??"]


1. e4 e5 2. f4 exf4 3. Nf3 d5 4. exd5 Bg4 5. Bb5+ Nd7 6. O-O Bd6 7. d4 Qf6 8.
Nc3 O-O-O 9. Ne4 Qg6 10. Bd3 f5 11. Neg5 Bxf3 12. Nxf3 h5 13. Nh4 Qf6 14. Nxf5
g5 15. c4 Ne7 16. Nxd6+ cxd6 17. Be4 Nf5 18. Bxf5 Qxf5 19. Qa4 Kb8 20. Be3 Qe4
21. Bf2 f3 22. Rfe1 Qf5 23. Qa3 Nb6 24. Qxf3 Qxf3 25. gxf3 Nxc4 26. Re7 h4 27.
Rc1 Rc8 28. b3 Nd2 29. Rxc8+ Kxc8 30. Kg2 h3+ 31. Kh1 Rf8 32. Re2 Nxf3 33. Bg3
Nxd4 34. Re1 Rf6 1/2-1/2

[Event "Aktiv-Alliancen 2000"]
[Site "Taastrup"]
[Date "2000.02.11"]
[Round "8"]
[White "Helleberg, Jorgen"]
[Black "Christensen, Aage"]
[Result "1/2-1/2"]
[WhiteElo "1270"]
[BlackElo "1506"]
[PlyCount "35"]
[EventDate "2000.??.??"]


1. d4 Nf6 2. Nf3 d5 3. e3 c5 4. c3 c4 5. b3 b5 6. a4 Qa5 7. Bb2 b4 8. bxc4 Ba6
9. Nfd2 e6 10. Qc2 bxc3 11. Bxc3 Qc7 12. c5 Bxf1 13. Kxf1 Nc6 14. Ke2 Be7 15.
Nf3 O-O 16. Nbd2 Rfb8 17. Rhb1 Ng4 18. h3 1/2-1/2

[Event "Aktiv-Alliancen 2000"]
[Site "Taastrup"]
[Date "2000.02.11"]
[Round "8"]
[White "Dencker, Martin"]
[Black "Engel, Christian"]
[Result "1-0"]
[WhiteElo "1355"]
[BlackElo "1445"]
[PlyCount "55"]
[EventDate "2000.??.??"]


1. e4 e5 2. Nf3 Nc6 3. Bc4 Nf6 4. d3 Be7 5. Be3 d6 6. h3 h6 7. g4 Nh7 8. Nc3
Be6 9. Nd5 Na5 10. Nxe7 Qxe7 11. Bxe6 fxe6 12. c4 Nc6 13. Qa4 O-O 14. Nd2 Qh4
15. O-O-O Nd4 16. Bxd4 exd4 17. Qd7 Ng5 18. Qxc7 Rxf2 19. Qxd6 Raf8 20. Qxd4
Re2 21. Rdf1 Rff2 22. Rxf2 Rxf2 23. Qe3 Kh7 24. Qe1 Nxh3 25. Rxh3 Qxh3 26. Qxf2
Qxg4 27. Qxa7 Qe2 28. Kc2 1-0

[Event "Aktiv-Alliancen 2000"]
[Site "Taastrup"]
[Date "2000.02.11"]
[Round "8"]
[White "Hau, Helge"]
[Black "Holst, Thorsten"]
[Result "1/2-1/2"]
[WhiteElo "1463"]
[BlackElo "1411"]
[PlyCount "86"]
[EventDate "2000.??.??"]


1. f4 d5 2. Nf3 Nf6 3. b3 g6 4. Bb2 Bg7 5. e3 O-O 6. c4 c6 7. Ne5 Bf5 8. Be2 c5
9. O-O Nc6 10. d3 dxc4 11. bxc4 Qb6 12. Qc1 Rad8 13. e4 Bd7 14. Nd2 Nxe5 15.
fxe5 Ng4 16. Nf3 Bh6 17. Qc3 Be3+ 18. Kh1 Be6 19. h3 Bd4 20. Nxd4 cxd4 21. Qd2
Nxe5 22. Rab1 Qc7 23. Bc1 f6 24. Qe1 Nf7 25. Bf4 Qd7 26. Qg3 Kh8 27. Bc7 b6 28.
Bxd8 Rxd8 29. Bg4 Bxg4 30. Qxg4 Qxg4 31. hxg4 Ne5 32. Rb3 Nxg4 33. a4 Ne5 34.
g3 Rc8 35. Kg2 Rc5 36. Rd1 Ra5 37. Ra3 Ng4 38. Kf3 Ne5+ 39. Ke2 h5 40. Rb1 Rc5
41. Rb5 Rc7 42. a5 Nd7 43. axb6 axb6 1/2-1/2

[Event "Aktiv-Alliancen 2000"]
[Site "Taastrup"]
[Date "2000.02.11"]
[Round "8"]
[White "Pedersen, Andre"]
[Black "Jorgensen, Morten"]
[Result "1/2-1/2"]
[WhiteElo "1150"]
[BlackElo "1117"]
[PlyCount "55"]
[EventDate "2000.??.??"]


1. d4 d5 2. c4 Nf6 3. Nc3 c6 4. e3 g6 5. Nf3 Bg7 6. cxd5 Nxd5 7. Bc4 O-O 8. O-O
e6 9. Ne4 Nd7 10. b3 N7f6 11. Nxf6+ Bxf6 12. Bb2 Nb6 13. Be2 Bg7 14. Rc1 Nd7
15. Qd2 Nf6 16. Bd3 Qc7 17. Rc2 Rd8 18. Rd1 Nd7 19. Rdc1 Qd6 20. Rd1 e5 21.
dxe5 Nxe5 22. Nxe5 Bxe5 23. Bxe5 Qxe5 24. Qe2 Rxd3 25. Qxd3 Bf5 26. Qd2 Bxc2
27. Qxc2 Qf6 28. Qd2 1/2-1/2

[Event "Aktiv-Alliancen 2000"]
[Site "Taastrup"]
[Date "2000.02.11"]
[Round "8"]
[White "Traerup, Jorgen"]
[Black "Lauritsen, Martin Lee"]
[Result "0-1"]
[WhiteElo "1189"]
[BlackElo "1100"]
[PlyCount "110"]
[EventDate "2000.??.??"]


1. e4 e6 2. Nf3 c5 3. Nc3 Nc6 4. Bc4 a6 5. a4 Nge7 6. d4 d5 7. exd5 exd5 8. Be2
cxd4 9. Nxd4 g6 10. Nxc6 bxc6 11. O-O Bg7 12. Re1 O-O 13. Bd3 Ra7 14. Ne2 c5
15. c3 Nc6 16. Be3 d4 17. cxd4 cxd4 18. Bd2 Ne5 19. Ra3 Nxd3 20. Rxd3 Bf5 21.
Rb3 Qc8 22. h3 Bc2 23. Rb8 Bxd1 24. Rxc8 Rxc8 25. Rxd1 Rc2 26. b4 Re7 27. Nc1
Rec7 28. Nb3 Rb2 29. Nc5 a5 30. Nd3 Ra2 31. bxa5 Rxa4 32. Kf1 Ra3 33. Bb4 Rb3
34. Ke2 Rc2+ 35. Rd2 Rxd2+ 36. Kxd2 Bf8 37. Bxf8 Kxf8 38. Nc5 Rb5 39. Nd7+ Ke7
40. Nb6 Rxa5 41. f3 Ke6 42. g3 Rb5 43. Nc4 Kd5 44. Na3 Rb3 45. Nc2 Rxf3 46.
Nb4+ Kc4 47. Nc6 Rxg3 48. Ne5+ Kd5 49. Nxf7 Rxh3 50. Ng5 Rh5 51. Nf3 Ke4 52.
Ke2 d3+ 53. Kf2 Rf5 54. Kg2 Rxf3 55. Kg1 d2 0-1

[Event "Aktiv-Alliancen 2000"]
[Site "Taastrup"]
[Date "2000.02.11"]
[Round "8"]
[White "Radovic, Slobodan"]
[Black "Jacobsen, Jesper Howalt"]
[Result "1-0"]
[WhiteElo "1483"]
[BlackElo "1000"]
[PlyCount "53"]
[EventDate "2000.??.??"]


1. e4 c5 2. Nc3 d6 3. Bc4 Nf6 4. d3 a6 5. a4 Nc6 6. h3 Bd7 7. f4 Qc7 8. Nf3 h6
9. O-O Na5 10. Ba2 Nc6 11. Be3 e6 12. d4 cxd4 13. Nxd4 Nxd4 14. Bxd4 Bc6 15.
Qe2 Be7 16. a5 Rg8 17. Bb6 Qd7 18. e5 Nh7 19. Rad1 d5 20. Ne4 f6 21. c4 f5 22.
Nc5 Bxc5+ 23. Bxc5 Kf7 24. Qh5+ g6 25. Qxh6 Rg7 26. Rfe1 Nf8 27. cxd5 1-0

[Event "Aktiv-Alliancen 2000"]
[Site "Taastrup"]
[Date "2000.02.11"]
[Round "8"]
[White "Jensen, Alexander Lindberg"]
[Black "Dalso, Svend"]
[Result "0-1"]
[WhiteElo "1257"]
[BlackElo "1406"]
[PlyCount "56"]
[EventDate "2000.??.??"]


1. e4 b6 2. Nc3 Bb7 3. Bc4 e6 4. Nf3 Bb4 5. d3 d5 6. a3 Bxc3+ 7. bxc3 dxc4 8.
O-O cxd3 9. cxd3 Nf6 10. Bg5 h6 11. Bh4 g5 12. Bg3 Nc6 13. e5 Nd5 14. Qd2 Qd7
15. Rfd1 O-O-O 16. h3 Rdf8 17. d4 f5 18. exf6 Nxf6 19. Rac1 Ne4 20. Qe3 Nxg3
21. fxg3 Ne7 22. g4 Nd5 23. Qd2 Nf4 24. Rf1 Bxf3 25. Rxf3 e5 26. Qc2 exd4 27.
Qe4 Kb8 28. cxd4 Qxd4+ 0-1